<?xml version="1.0" encoding="UTF-8"?>
<record
    xmlns:xsi="http://www.w3.org/2001/XMLSchema-instance"
    xsi:schemaLocation="http://www.loc.gov/MARC21/slim http://www.loc.gov/standards/marcxml/schema/MARC21slim.xsd"
    xmlns="http://www.loc.gov/MARC21/slim">

  <leader>01038nam a22002297a 4500</leader>
  <controlfield tag="003">Uzh_bibl</controlfield>
  <controlfield tag="008">260413b        |||||||| |||| 00| 0 ukr d</controlfield>
  <datafield tag="020" ind1=" " ind2=" ">
    <subfield code="a">90-803221-1-3</subfield>
    <subfield code="c">4.00</subfield>
  </datafield>
  <datafield tag="040" ind1=" " ind2=" ">
    <subfield code="b">&#x443;&#x43A;&#x440;.</subfield>
  </datafield>
  <datafield tag="041" ind1=" " ind2=" ">
    <subfield code="2">dut</subfield>
    <subfield code="a">ukr</subfield>
  </datafield>
  <datafield tag="080" ind1=" " ind2=" ">
    <subfield code="a">2</subfield>
  </datafield>
  <datafield tag="090" ind1=" " ind2=" ">
    <subfield code="a">2</subfield>
    <subfield code="b">&#x429; 92</subfield>
  </datafield>
  <datafield tag="100" ind1=" " ind2=" ">
    <subfield code="a">-</subfield>
  </datafield>
  <datafield tag="245" ind1=" " ind2=" ">
    <subfield code="a">&#x429;&#x43E;&#x434;&#x435;&#x43D;&#x43D;&#x438;&#x439; &#x445;&#x43B;&#x456;&#x431; &#x434;&#x43B;&#x44F; &#x434;&#x456;&#x442;&#x435;&#x439;</subfield>
    <subfield code="c">&#x422;&#x43B;&#x443;&#x43C;&#x430;&#x447;&#x435;&#x43D;&#x43D;&#x44F;: &#x41D;.&#x414;.&#x41B;&#x443;&#x436;&#x456;&#x43D;&#x430;</subfield>
    <subfield code="h">&#x422;&#x435;&#x43A;&#x441;&#x442;</subfield>
  </datafield>
  <datafield tag="260" ind1=" " ind2=" ">
    <subfield code="a">1996</subfield>
    <subfield code="b">Dorcas Aid International</subfield>
    <subfield code="c">Andijk/Diest</subfield>
  </datafield>
  <datafield tag="300" ind1=" " ind2=" ">
    <subfield code="a">432 c.</subfield>
    <subfield code="b">&#x456;&#x43B;.</subfield>
    <subfield code="f">&#x412; &#x43E;&#x43F;&#x440;.</subfield>
  </datafield>
  <datafield tag="520" ind1=" " ind2=" ">
    <subfield code="a">&#x41A;&#x43E;&#x436;&#x43D;&#x43E;&#x433;&#x43E; &#x434;&#x43D;&#x44F; &#x454; &#x437;&#x430;&#x432;&#x434;&#x430;&#x43D;&#x43D;&#x44F; &#x447;&#x438;&#x442;&#x430;&#x43D;&#x43D;&#x44F; &#x411;&#x456;&#x431;&#x43B;&#x456;&#x457;,, &#x43A;&#x43E;&#x440;&#x43E;&#x442;&#x43A;&#x435; &#x43F;&#x43E;&#x44F;&#x441;&#x43D;&#x435;&#x43D;&#x43D;&#x44F; &#x456; &#x437;&#x430;&#x441;&#x442;&#x43E;&#x441;&#x443;&#x432;&#x430;&#x43D;&#x43D;&#x44F;, &#x43C;&#x43E;&#x43B;&#x438;&#x442;&#x432;&#x430; &#x442;&#x430; &#x432;&#x456;&#x440;&#x448; &#x434;&#x43B;&#x44F; &#x432;&#x438;&#x432;&#x447;&#x435;&#x43D;&#x43D;&#x44F; &#x43D;&#x430;&#x43F;&#x430;&#x43C;'&#x44F;&#x442;&#x44C;. &#x426;&#x44F; &#x43A;&#x43D;&#x438;&#x433;&#x430; &#x43D;&#x430;&#x43F;&#x438;&#x441;&#x430;&#x43D;&#x430; &#x434;&#x43B;&#x44F; &#x440;&#x456;&#x437;&#x43D;&#x438;&#x445; &#x43A;&#x443;&#x43B;&#x44C;&#x442;&#x443;&#x440; &#x456; &#x43D;&#x435; &#x43E;&#x431;&#x43C;&#x435;&#x436;&#x43A;&#x44E;&#x442;&#x44C;&#x441;&#x44F; &#x43E;&#x434;&#x43D;&#x456;&#x454;&#x44E; &#x434;&#x435;&#x43D;&#x43E;&#x43C;&#x456;&#x43D;&#x430;&#x446;&#x456;&#x454;&#x44E;.</subfield>
  </datafield>
  <datafield tag="521" ind1=" " ind2=" ">
    <subfield code="a">&#x414;&#x43B;&#x44F; &#x434;&#x456;&#x442;&#x435;&#x439; &#x432;&#x456;&#x43A;&#x43E;&#x43C; &#x432;&#x456;&#x434; 8 &#x434;&#x43E; 12 &#x440;&#x43E;&#x43A;&#x456;&#x432;</subfield>
  </datafield>
  <datafield tag="546" ind1=" " ind2=" ">
    <subfield code="a">&#x443;&#x43A;&#x440;.</subfield>
  </datafield>
  <datafield tag="655" ind1=" " ind2=" ">
    <subfield code="a">&#x411;&#x456;&#x431;&#x43B;&#x456;&#x439;&#x43D;&#x430; &#x449;&#x43E;&#x434;&#x435;&#x43D;&#x43D;&#x430; &#x447;&#x438;&#x442;&#x430;&#x43D;&#x43A;&#x430; </subfield>
  </datafield>
  <datafield tag="942" ind1=" " ind2=" ">
    <subfield code="2">udc</subfield>
    <subfield code="c">BK</subfield>
  </datafield>
  <datafield tag="999" ind1=" " ind2=" ">
    <subfield code="c">17312</subfield>
    <subfield code="d">17312</subfield>
  </datafield>
  <datafield tag="952" ind1=" " ind2=" ">
    <subfield code="0">0</subfield>
    <subfield code="1">0</subfield>
    <subfield code="2">udc</subfield>
    <subfield code="4">0</subfield>
    <subfield code="7">0</subfield>
    <subfield code="a">F2</subfield>
    <subfield code="b">F2</subfield>
    <subfield code="c">ABS</subfield>
    <subfield code="d">2026-04-13</subfield>
    <subfield code="i">48552</subfield>
    <subfield code="l">0</subfield>
    <subfield code="o">2</subfield>
    <subfield code="p">19721</subfield>
    <subfield code="r">2026-04-13</subfield>
    <subfield code="w">2026-04-13</subfield>
    <subfield code="y">BK</subfield>
  </datafield>
</record>
